书目信息 |
| 题名: |
中学历史手册
|
|
| 作者: | ;北京师范大学出版社 著 | |
| 分册: | ||
| 出版信息: | 北京 北京师范大学出版社 1984 |
|
| 页数: | 423页 | |
| 开本: | 19cm | |
| 丛书名: | ||
| 单 册: | ||
| 中图分类: | G634.51 , G633.5 | |
| 科图分类: | ||
| 主题词: | 历史课--中学--手册 | |
| 电子资源: | ||
| ISBN: | ||
| 000 | 00748nam0 2200253 45 | |
| 001 | 1534218887 | |
| 005 | 20151110150009.82 | |
| 010 | @dCNY1.20 | |
| 091 | @aCN@b7243.172 | |
| 100 | @a19950614d1984 demy0chiy0121 ea | |
| 101 | 0 | @achi |
| 102 | @aCN@b110000 | |
| 105 | @ay z 000yy | |
| 200 | 10 | @a中学历史手册@Azhong xue li shi shou ce@e中国古代史部分@f北京师范大学出版社著 |
| 210 | @a北京@c北京师范大学出版社@d1984 | |
| 215 | @a423页@d19cm | |
| 517 | 1 | @a中国古代史部分@Azhong guo gu dai shi bu fen |
| 606 | @a历史课@x中学@x手册 | |
| 690 | @aG634.51@v3 | |
| 690 | @aG633.5@v4 | |
| 711 | 02 | @a北京师范大学出版社@Abei jing shi fan da xue chu ban she@4著 |
| 801 | 0 | @aCN@bTSSF@c20150118 |
| 801 | 2 | @aCN@bNLC |
| 905 | @aZUCC@dG633.5@eJY17 | |
| 中学历史手册:中国古代史部分/北京师范大学出版社著.-北京:北京师范大学出版社,1984 |
| 423页;19cm |
| ISBN :CNY1.20 |
| ● |
| 相关链接 |
|
|
|
|
正题名:中学历史手册
索取号:G633.5/JY17
 
预约/预借
| 序号 | 登录号 | 条形码 | 馆藏地/架位号 | 状态 | 备注 |
| 1 | 7849124 | 278491240 | 学院路分馆/ [索取号:G633.5/JY17] | 在馆 | |
| 2 | 7853457 | 278534579 | 学院路分馆/ [索取号:G633.5/JY17] | 在馆 | |
| 3 | 7853458 | 278534588 | 学院路分馆/ [索取号:G633.5/JY17] | 在馆 | |
| 4 | 7853459 | 278534597 | 学院路分馆/ [索取号:G633.5/JY17] | 在馆 |